Zmeny DPH od roku 2026
Odpočítanie DPH pri osobných motorových vozidlách. Registrácia skupiny z úradnej moci. Zmeny v sadzbách DPH. Zmeny v súvislosti so zavedením elektronickej fakturácie a povinným digitálnym oznamovaním údajom Finančnej správe SR.
Salvato in:
| Autore principale: | |
|---|---|
| Natura: | Capitolo di libro |
| Lingua: | slovacco |
| Soggetti: | |
| Tags: |
Nessun Tag, puoi essere il primo ad aggiungerne!!
|
MARC
| LEADER | 00000naa a2200000 4500 | ||
|---|---|---|---|
| 001 | 0315222 | ||
| 005 | 20260303093739.5 | ||
| 041 | 0 | |a slo | |
| 044 | |a SK | ||
| 245 | 1 | 0 | |a Zmeny DPH od roku 2026 |c Jaroslava Betáková |
| 520 | |a Odpočítanie DPH pri osobných motorových vozidlách. Registrácia skupiny z úradnej moci. Zmeny v sadzbách DPH. Zmeny v súvislosti so zavedením elektronickej fakturácie a povinným digitálnym oznamovaním údajom Finančnej správe SR. | ||
| 610 | 2 | 0 | |a účtovníctvo daňové |
| 610 | 2 | 0 | |a dane z hodnoty pridanej |
| 610 | 2 | 0 | |a odpočet dane |
| 610 | 2 | 0 | |a vozidlá motorové |
| 610 | 2 | 0 | |a sadzby daňové |
| 610 | 2 | 0 | |a faktúry elektronické |
| 610 | 2 | 0 | |a správa finančná |
| 610 | 2 | 0 | |a zákony |
| 610 | 2 | 0 | |a novelizácia |
| 100 | 1 | |a Betáková, Jaroslava | |